000 00337nam a2200145Ia 4500
005 20251222144847.0
008 251222s9999||||xx |||||||||||||| ||spa||
020 _a84-607-7475-9
082 _a207/R48
100 _aRibas, Ramiro Martín
245 0 _aSublime Itinerario:
250 _a4a.ed.
264 _bVaroprinter
942 _cLIB
999 _c21462
_d21462